Normal view
MARC view
- Ahmed, Abu Al-Hassan Mansoor
Entry Personal Name
001 - CONTROL NUMBER
- control field: 110269
003 - CONTROL NUMBER IDENTIFIER
- control field: NUST
005 - DATE AND TIME OF LATEST TRANSACTION
- control field: 20230314122829.0
008 - FIXED-LENGTH DATA ELEMENTS
- fixed length control field: 230314|| aca||aabn | a|a d
040 ## - CATALOGING SOURCE
- Original cataloging agency: NUST
- Transcribing agency: NUST
100 ## - HEADING--PERSONAL NAME
- Personal name: Ahmed, Abu Al-Hassan Mansoor
670 ## - SOURCE DATA FOUND
- Source citation: Work cat.: (NUST): Ahmed, Abu Al-Hassan Mansoor , Alif laila o laila (Vol-1) / الف لیلہ و لیلہ (Urdu) /, 2009
